000 00298nam a22001337a 4500
008 170929b xxu||||| |||| 00| 0 eng d
020 _a9780385423397
041 _aeng
080 _a37
100 _a47
101 _aEDU
245 _aTHE ART OF THE PERSONAL ESSAY
_cLOPATE, PH
942 _2udc
_cBK
999 _c30810
_d30810